zpět

Detail výsledku týmu

Radegastovna Rex, Zlín

Datum a čas kvízu

22 Celkem bodů Celkový počet nahraných bodů na tomto kvízu bez doplňovacích otázek.
12. Pořadí na kvízu Konečné umístění týmu na tomto kvízu.

Zaznamenané odpovědi

# Otázka Odpověď Body Výsledky
1. Prezident Petr Pavel při návšt... v Chile 0
2. Zsolt Hegedűs zboural minulé p... B) zdravotnictví 1
3. Na festivalu CinemaCon bylo oz... Jamie Dornan 1
4. Britský výrobce nejluxusnějšíc... Nightingale (slavík) 0
5. Marie-Louise Eta si minulý týd... B 0
6. Vítězné téma FB hlasování zahá... Luděk Marold, bitva u Lipan 0
7. Přiřaďte jednotlivá města k je... 1B 2D 3A 4C 0
8. „Co až budeme nahoře, to teprv... Homolka a tobolka; Marie Motlová 0
9. Panorama je služba webové strá... Dlouhé stráně 0
10. Na závěr si dáme noční pohled... Řím 0